| 000 | 02383nam0a2200373 4500 | ||
|---|---|---|---|
| 001 | RU\NLR\BIBL_A\011722590 | ||
| 005 | 20181004095938.0 | ||
| 010 |
_a978-5-6040503-4-7 _9100 |
||
| 021 |
_aRU _bКН-П-18-033967 _9КН-П-18-2468 |
||
| 035 | _a(NLR Aleph) 011722590 | ||
| 035 | _a(RuMoRGB)009628796 | ||
| 090 |
_a11491826 _c11491825 |
||
| 100 | _a20180607d2018 u y0rusy50 ca | ||
| 101 | 0 | _arus | |
| 102 | _aRU | ||
| 105 | _aa|||j|||000zy | ||
| 200 | 1 |
_aМалыш: обеспечение педагогической поддержки раннего семейного воспитания в условиях ДОО _eучебно-методическое пособие _fН. Ю. Майданкина, С. И. Баканова, Л. И. Филиппова _gМинистерство образования и науки Ульяновской области, ФГОУ ВО Ульяновский государственный педагогический университет им. И. Н. Ульянова, Муниципальное бюджетное дошкольное образовательное учреждение детский сад № 229, г. Ульяновск |
|
| 205 | _aИзд. 2-е, доп. | ||
| 210 |
_aУльяновск _cКачалин Александр Васильевич _d2018 |
||
| 215 |
_a123 с. _cтабл. _d21 |
||
| 300 | _aНа обл. авт. не указаны | ||
| 320 | _aБиблиогр.: с. 119-122 (49 назв.) | ||
| 606 | 1 |
_aДети раннего возраста _jУчебно-методические пособия _xВоспитание _91334339 _3RU\NLR\AUTH\66240523 |
|
| 606 | 1 |
_aДошкольные учреждения _jУчебно-методические пособия _xРабота с родителями _92312270 _3RU\NLR\AUTH\661383807 |
|
| 686 | 1 | _aЧ411.331я7 | |
| 686 | 1 | _aЧ411.51я7 | |
| 700 | 1 |
_7ca _8rus _aМайданкина _bН. Ю. _gНаталья Юрьевна _9222318 _3RU\NLR\AUTH\770222374 |
|
| 701 | 1 |
_aБаканова _bС. И. _gСветлана Ивановна |
|
| 701 | 1 |
_7ca _8rus _aФилиппова _bЛ. И. _cпедагог, дошкол. образование _gЛилия Исмаиловна _9190984 _3RU\NLR\AUTH\770191035 |
|
| 942 | _cBOOK | ||
| 980 | _aNBR | ||
| 980 | _aNB | ||